000 00701nam a2200253 i 4500
001 C2-0316388
003 PPAK
005 20180728112410.0
008 120725s2012 ilua|||| ||||| | eng d
020 _a0736091092 ; 9780736091091
040 _aPPAK
_beng
_cPPAK
_erda
082 0 4 _a796.6
_223
090 0 0 _a796.6
_bALL
_dR
100 1 _aAllen, Hunter,
_eauthor
245 1 0 _aCutting-edge cycling
264 1 _aChampaign, Illinois :
_bHuman Kinetics ,
_c2012
300 _axii, 267 pages :
_billustrations ;
_c25 cm
336 _2rdacontent
_atext
337 _2rdamedia
_aunmediated
338 _2rdacarrier
_avolume
650 1 0 _aCycling - Training.
700 _eauthor
942 _ddc
_cB
999 _c117524
_d117524